The Big Fours of Rock & Metal - Statistics

General Stats
  • This quiz has been taken 614 times
    196 since last reset
  • The average score is 12 of 22
Answer Stats
Song or Album Answer % Correct
Master of Puppets Metallica
99%
Smells Like Teen Spirit Nirvana
98%
Wonderwall Oasis
87%
Black Hole Sun Soundgarden
84%
Another Brick in the Wall Pink Floyd
82%
Peace Sells... But Who's Buying? Megadeth
81%
Man in the Box Alice in Chains
80%
Reign in Blood Slayer
79%
Alive Pearl Jam
71%
Song 2 Blur
69%
Among the Living Anthrax
65%
In the Court of the Crimson King King Crimson
57%
Roundabout Yes
52%
Invisible Touch Genesis
44%
Aqualung Jethro Tull
40%
Epicus Doomicus Metallicus Candlemass
30%
Common People Pulp
23%
Lucky Man Emerson, Lake & Palmer
20%
Beautiful Ones Suede
16%
Relentless Pentagram
15%
Born Too Late Saint Vitus
13%
Psalm 9 Trouble
10%
No matching quizzes found
Score Distribution
Percent of People with Each Score
Percentile by Number Answered
Your Score History
You have not taken this quiz since the last reset